A délvidéki református közösségről a Református Világszemle 1931-1944 között megjelenő lapszámaiban

As a creative village pastor, Béla Csekes maintained excellent foreign relations for the benefit of his fellow pastors suffering grievances. He spoke several languages. He visited America, Canada, served in Bečej (Óbecse), Hungary, then returned to his narrower homeland. My aim is to build public aw...

Teljes leírás

Elmentve itt :
Bibliográfiai részletek
Szerző: Petheő Attila
Dokumentumtípus: Cikk
Megjelent: 2023
Sorozat:Délvidéki szemle 10 No. 2
Kulcsszavak:Sajtótörténet - magyar - 1931-1944, Egyháztörténet - református - 1931-1944, Csekes Béla
Tárgyszavak:
Online Access:http://acta.bibl.u-szeged.hu/88959
LEADER 01621nab a2200229 i 4500
001 acta88959
005 20251113094317.0
008 251113s2023 hu o 000 hun d
022 |a 2416-223X 
040 |a SZTE Egyetemi Kiadványok Repozitórium  |b hun 
041 |a hun 
041 |a eng 
100 1 |a Petheő Attila 
245 1 2 |a A délvidéki református közösségről a Református Világszemle 1931-1944 között megjelenő lapszámaiban  |h [elektronikus dokumentum] /  |c  Petheő Attila 
260 |c 2023 
300 |a 148-156 
490 0 |a Délvidéki szemle  |v 10 No. 2 
520 3 |a As a creative village pastor, Béla Csekes maintained excellent foreign relations for the benefit of his fellow pastors suffering grievances. He spoke several languages. He visited America, Canada, served in Bečej (Óbecse), Hungary, then returned to his narrower homeland. My aim is to build public awareness for his life-work, to make known the periodical called Református Világszemle (Reformed World Review), published by him, from which we can get an excellent picture of the situation of the Reformed Church in the 1930s, not only overseas, but also in South Slovakia, Transylvania, North Serbia and Croatia. It also reports extensively on the situation of the Reformed Church and its members living in Kingdom of Yugoslavia. 
650 4 |a Bölcsészettudományok 
650 4 |a Történettudomány és régészet 
695 |a Sajtótörténet - magyar - 1931-1944, Egyháztörténet - református - 1931-1944, Csekes Béla 
856 4 0 |u http://acta.bibl.u-szeged.hu/88959/1/delvideki_szemle_2023_002_148-156.pdf  |z Dokumentum-elérés